000
00279nam a22001217a 4500
008
160430b xxu||||| |||| 00| 0 eng d
020
_a
9781439049044
020
_a
1439049041
041
_a
eng
080
_a
612.39
245
_a
Nutrition now:
_c
Judith E. Brown;
942
_2
udc
_c
BK
999
_c
1711
_d
1711